Histoire de la famille
Αποθηκεύτηκε σε:
| Άλλοι συγγραφείς: | |
|---|---|
| Μορφή: | Βιβλίο |
| Γλώσσα: | French |
| Δημοσίευση: |
Paris :
A. Colin,
1986
|
| Θέματα: | |
| Ετικέτες: |
Προσθήκη ετικέτας
Δεν υπάρχουν, Καταχωρήστε ετικέτα πρώτοι!
|
MARC
| LEADER | 00000nam a2200000 i 4500 | ||
|---|---|---|---|
| 001 | 1/87098 | ||
| 008 | 970128s1986 fre d | ||
| 020 | |a 2-200-37106-3 | ||
| 020 | |a 2-200-37104-7 | ||
| 035 | |l 10006639 | ||
| 040 | |a GR-MY-UA |b gre |e aacr | ||
| 041 | 0 | |a fre | |
| 082 | 0 | |a 306.85 | |
| 245 | 1 | 0 | |a Histoire de la famille / |c Edited by Andre Burguiere...[et al.] |
| 260 | |a Paris : |b A. Colin, |c 1986 | ||
| 300 | |a 2 v.; |b ill.; |c 26 cm | ||
| 504 | |a Includes bibliographical references and indexes | ||
| 505 | 0 | |a 1. Mondes lointains, mondes anciens -- 2. Le choc des modernites | |
| 650 | 0 | 0 | |a Family |x History. |
| 700 | 1 | |a Burguiere, Andre. |4 edt | |
| 852 | |a INST |b LESVOS |e 19970128 |h 306.85 HIS |p 005100001470 |q 005100001470 |t BK |y 0 |z v.2 | ||
| 852 | |a INST |b LESVOS |e 19970128 |h 306.85 HIS |p 005100001471 |q 005100001471 |t BK |y 0 |z v.1 | ||
| 852 | |a INST |b LESVOS |e 19970128 |h 306.85 HIS |p 005100001470 |q 005100001470 |t BK |v v.2: |y 0 |z v.2 | ||
| 852 | |a INST |b LESVOS |e 19970128 |h 306.85 HIS |p 005100001471 |q 005100001471 |t BK |v v.1: |y 0 |z v.1 | ||
| 853 | |a INST |b LESVOS |h 306.85 HIS | ||
| 909 | |a Λ |b 00970 | ||
| 909 | |a Λ |b 009704 | ||